| 000 | 00422cam a22001454a 4500 | ||
|---|---|---|---|
| 020 | _a9788189973506 | ||
| 082 |
_a665.776 _bSAS/BI |
||
| 100 | 1 | _aSastry, Gadepalli Ravi Kiran, | |
| 245 | 1 | 0 | _aBio-diesel : biodegradable alternative fuel for diesel engines |
| 260 |
_aNew Delhi : _bReadworthy Publications, _c2008. |
||
| 300 |
_axv, 165 p. : _bill. ; |
||
| 650 | 0 | _aBiodiesel fuels | |
| 650 | 0 | _aBiomass energy | |
| 942 | _cBK | ||
| 999 |
_c13699 _d13699 |
||